000 00828nam a2200265 a 4500
001 59788
003 BD-RjUL
005 20211209080753.0
008 161227s1976 enk b 001 0 eng
020 _a0397473540.
_a0397473524
035 _a(BD-RjUL)
040 _aDLC
_cDLC
_dDLC
_dBD-RjUL
_beng
041 _aeng
082 0 0 _a363.20973
_223
_bPOL 1976
245 0 0 _aPolice-community relations :
_bimages, roles, realities /
_cedited by Alvin W. Cohn and Emilio C. Viano.
260 _aPhiladelphia :
_bLippincott,
_cc1976.
300 _axi, 635 p. ;
_c24 cm.
500 _aIncludes index.
504 _aBibliography: p. 605-626.
650 0 _aPolice-community relations.
_9177909
650 0 _aPolice
_zUnited States.
_9177910
700 1 _aCohn, Alvin W.
_9177911
700 1 _aViano, Emilio.
_9177912
942 _2ddc
_cBK
999 _c59788
_d59788